00550nam a2200169Ia 4500003000900000008004100009020001800050040001600068080001700084100001800101245008400119260003800203300001600241650004100257650004100298650004100339IN-BaIIA211028s9999 xx 000 0 eng d a0-471-01502-4 cIIA Library a535:519bGOO aGoodman, J. W 0aStatistical opticscJ. W. Goodman  aNew YorkbJohn Wiley & Sonsc1984 axvii, 550p. aAbstracts-Astronomy and Astrophysics aAstronomy and Astrophysics Abstracts aAstronomy and Astrophysics Thesaurus